[Event "3rd EUR-ch"]
[Site "Batumi GEO"]
[Date "2002.06.12"]
[Round "1"]
[White "Gagunashvili, Merab"]
[Black "Alexandrov, Alexei"]
[Result "1/2-1/2"]
[WhiteElo "2472"]
[BlackElo "2654"]
[EventDate "2002.06.12"]
[PlyCount "133"]

1.d4 Nf6 2.c4 e6 3.Nf3 d5 4.Nc3 Bb4 5.cxd5 exd5 6.Bg5 h6 7.Bxf6 Qxf6 8.Qb3
c5 9.e3 O-O 10.dxc5 Bxc3+ 11.bxc3 Be6 12.Nd4 Nd7 13.Qa3 Ne5 14.Be2 Qg6 15.
O-O-O Rfc8 16.f4 Nc4 17.Bxc4 dxc4 18.Rd2 Bd7 19.Re1 Qe4 20.Qb4 Rc7 21.Qb1 
Qe7 22.e4 Qxc5 23.e5 a5 24.Rb2 Rb8 25.Rb6 Ba4 26.f5 Re7 27.e6 fxe6 28.
Rbxe6 Rxe6 29.Rxe6 Bd7 30.Re2 b5 31.Qe4 Re8 32.Qf3 Rxe2 33.Qxe2 b4 34.Qd2 
Bxf5 35.cxb4 axb4 36.Nxf5 Qxf5 37.Qxb4 Qf1+ 38.Kc2 Qxg2+ 39.Qd2 Qf3 40.Qd4
Qe2+ 41.Qd2 Qf3 42.Qd4 Qf5+ 43.Kc3 Qa5+ 44.Kb2 Qb4+ 45.Kc2 Qa4+ 46.Kb2 Kh8
47.Qd8+ Kh7 48.Qd4 Qb4+ 49.Kc2 Qa4+ 50.Kb2 Qb4+ 51.Kc2 h5 52.Qe5 Qa4+ 53.
Kb2 Qb4+ 54.Kc2 g6 55.Qc7+ Kh6 56.Qf4+ Kg7 57.Qe5+ Kf7 58.Qd5+ Kf6 59.Qd4+
Kf5 60.Qd5+ Kf6 61.Qd4+ Ke6 62.Qe4+ Kf7 63.Qd5+ Ke7 64.Qe4+ Kf7 65.Qd5+ 
Kf8 66.Qd8+ Kg7 67.Qc7+ 1/2-1/2

[Event "3rd EUR-ch"]
[Site "Batumi GEO"]
[Date "2002.06.12"]
[Round "1"]
[White "Fedorov, Alexei"]
[Black "Bagaturov, Giorgi"]
[Result "1/2-1/2"]
[WhiteElo "2598"]
[BlackElo "2434"]
[EventDate "2002.06.12"]
[PlyCount "114"]

1.e4 c5 2.d3 Nc6 3.g3 g6 4.Bg2 Bg7 5.f4 e6 6.Nf3 Nge7 7.O-O O-O 8.c3 b6 9.
a4 Rb8 10.Na3 a6 11.Be3 d6 12.Nc2 b5 13.axb5 axb5 14.d4 cxd4 15.Nfxd4 Na5 
16.Nb4 Bd7 17.Bf2 Rc8 18.Qe2 Nc4 19.Rfd1 e5 20.fxe5 Nxe5 21.h3 Rb8 22.Ra6 
Qc7 23.Rda1 Rfe8 24.Kh2 Nc4 25.Ra7 Qd8 26.b3 Ne5 27.Rd1 N7c6 28.Nbxc6 Nxc6
29.Ra6 Qc8 30.Qa2 Ne5 31.Ne2 Bf8 32.Bd4 Be6 33.Ra1 Nc6 34.Bf2 Ne5 35.Qc2 
Rb7 36.Bd4 Rc7 37.Qd1 Qd7 38.Nf4 Qe7 39.Bf1 Rb8 40.Ra8 Rcc8 41.Rxb8 Rxb8 
42.Ra5 b4 43.Ra7 Qe8 44.Bxe5 dxe5 45.Nxe6 fxe6 46.cxb4 Bxb4 47.Bc4 Rd8 48.
Bxe6+ Kh8 49.Bd5 Bc5 50.Rb7 Qf8 51.Qe2 Bd4 52.h4 Rc8 53.Rf7 Qh6 54.Qf3 
Rc2+ 55.Kh3 Rf2 56.Qg4 Qc1 57.Rxf2 Qh1+ 1/2-1/2

[Event "3rd EUR-ch"]
[Site "Batumi GEO"]
[Date "2002.06.12"]
[Round "1"]
[White "Babaev, Rashad"]
[Black "Anastasian, Ashot"]
[Result "0-1"]
[WhiteElo "2430"]
[BlackElo "2591"]
[EventDate "2002.06.12"]
[PlyCount "72"]

1.e4 c5 2.Nf3 d6 3.d4 cxd4 4.Nxd4 Nf6 5.Nc3 a6 6.Be2 e6 7.O-O Nc6 8.a4 Bd7
9.Kh1 Be7 10.f4 Nxd4 11.Qxd4 Bc6 12.Bf3 O-O 13.Be3 Nd7 14.Nd5 e5 15.Qd2 
Rc8 16.c3 exf4 17.Bxf4 Ne5 18.Qd4 Bf6 19.Nxf6+ Qxf6 20.Bg3 Qe6 21.Rad1 
Nxf3 22.gxf3 Rcd8 23.Bxd6 f5 24.e5 f4 25.Qf2 Rf5 26.Rd4 Rd7 27.Qe2 g5 28.
Qc4 Kf7 29.Qxe6+ Kxe6 30.Kg1 h5 31.Rf2 Rg7 32.Kf1 g4 33.fxg4 Rxg4 34.h3 
Rh4 35.Bc7 Rxh3 36.Rdxf4 Bf3 0-1

[Event "3rd EUR-ch"]
[Site "Batumi GEO"]
[Date "2002.06.12"]
[Round "1"]
[White "Kacheishvili, Giorgi"]
[Black "Priehoda, Vitezslav"]
[Result "1-0"]
[WhiteElo "2584"]
[BlackElo "2425"]
[EventDate "2002.06.12"]
[PlyCount "49"]

1.d4 e6 2.c4 c5 3.e3 Nf6 4.Nf3 b6 5.Nc3 cxd4 6.exd4 Bb4 7.Bd3 Bb7 8.O-O 
O-O 9.Bg5 Bxc3 10.bxc3 d6 11.Re1 Re8 12.Nd2 h6 13.Bh4 Nbd7 14.a4 Qc7 15.a5
Rac8 16.Bf1 d5 17.Bg3 Qd8 18.h3 dxc4 19.axb6 axb6 20.Nxc4 Ne4 21.Rxe4 Bxe4
22.Nd6 Nf6 23.Qb3 Bd5 24.c4 Ne4 25.Nxc8 1-0

[Event "3rd EUR-ch"]
[Site "Batumi GEO"]
[Date "2002.06.12"]
[Round "1"]
[White "Shengelia, Davit"]
[Black "Macieja, Bartlomiej"]
[Result "1-0"]
[WhiteElo "2415"]
[BlackElo "2584"]
[EventDate "2002.06.12"]
[PlyCount "141"]

1.d4 Nf6 2.c4 e6 3.Nf3 b6 4.e3 Bb7 5.Nc3 d5 6.cxd5 exd5 7.Bb5+ c6 8.Bd3 
Nbd7 9.O-O Be7 10.b3 O-O 11.Bb2 Bd6 12.Ne2 Re8 13.Ng3 Rc8 14.Rc1 g6 15.Qe2
Ne4 16.Ba6 Bxa6 17.Qxa6 Rc7 18.Ba3 Bxa3 19.Qxa3 f5 20.Rc2 Qf6 21.Ne2 g5 
22.Rfc1 Re6 23.b4 f4 24.exf4 gxf4 25.Qd3 b5 26.Ne5 Nxe5 27.dxe5 Qxe5 28.
Nd4 Rg6 29.f3 Ng5 30.Nxc6 Qe3+ 31.Qxe3 fxe3 32.Kf1 Ne6 33.Ne5 e2+ 34.Ke1 
Rxc2 35.Rxc2 Rxg2 36.Rxe2 Rg1+ 37.Kf2 Nf4 38.Rd2 Rh1 39.Kg3 Ne6 40.Rxd5 
Rg1+ 41.Kf2 Rh1 42.Ng4 Ra1 43.Rxb5 Rxa2+ 44.Ke3 Kf7 45.f4 Ng7 46.f5 h5 47.
Rb7+ Kf8 48.Nh6 Ra6 49.Rf7+ Ke8 50.Rxg7 Rxh6 51.Rxa7 Rb6 52.Ra4 Ke7 53.Kf4
Kf6 54.h4 Rb5 55.Ra6+ Kf7 56.Ra7+ Kf6 57.Ra6+ Kf7 58.Kg5 Rxb4 59.Ra7+ Kg8 
60.Kxh5 Rb6 61.Kg5 Rc6 62.h5 Rb6 63.Re7 Ra6 64.h6 Rb6 65.f6 Rb1 66.h7+ Kh8
67.f7 Rg1+ 68.Kh4 Rh1+ 69.Kg3 Kg7 70.Re8 Kxh7 71.f8=Q 1-0

[Event "3rd EUR-ch"]
[Site "Batumi GEO"]
[Date "2002.06.12"]
[Round "1"]
[White "Shanava, Konstantine"]
[Black "Sulskis, Sarunas"]
[Result "0-1"]
[WhiteElo "2390"]
[BlackElo "2577"]
[EventDate "2002.06.12"]
[PlyCount "66"]

1.e4 d5 2.exd5 Qxd5 3.Nc3 Qa5 4.d4 Nf6 5.Nf3 Nc6 6.Bb5 Ne4 7.a4 a6 8.Bxc6+
bxc6 9.O-O Nxc3 10.bxc3 Bg4 11.Qd3 e6 12.Ne5 Bf5 13.Qd2 Bd6 14.Ba3 Qd5 15.
Rfe1 c5 16.Qg5 O-O 17.Nd7 f6 18.Qh4 Bxh2+ 19.Kxh2 Qxd7 20.Bxc5 Rfb8 21.a5 
Rb2 22.Rec1 Re8 23.Ba3 Rb5 24.Bc5 e5 25.Qg3 Qf7 26.Ba7 exd4 27.cxd4 Re2 
28.c4 Rbb2 29.d5 Re4 30.Kg1 Rg4 31.Qf3 Qg6 32.Re1 Be4 33.Rxe4 Qxe4 0-1

[Event "3rd EUR-ch"]
[Site "Batumi GEO"]
[Date "2002.06.12"]
[Round "1"]
[White "Popov, Valery"]
[Black "Asylguzhin, Radik"]
[Result "1-0"]
[WhiteElo "2575"]
[BlackElo "2387"]
[EventDate "2002.06.12"]
[PlyCount "63"]

1.Nf3 d5 2.d4 e6 3.c4 dxc4 4.e4 c5 5.Bxc4 cxd4 6.Qxd4 Qxd4 7.Nxd4 a6 8.Be3
Bd7 9.Nd2 Nc6 10.N4b3 Nb4 11.Kd1 b5 12.Be2 Rc8 13.Bb6 Rb8 14.Ba7 Ra8 15.
Bb6 Rb8 16.Bc5 Nf6 17.a3 Nc6 18.Rc1 Be7 19.Be3 Rc8 20.Nc5 Nb8 21.f3 O-O 
22.Bd3 Bc6 23.Ke2 Nfd7 24.b4 Nxc5 25.Bxc5 Bxc5 26.Rxc5 Nd7 27.Rcc1 Ne5 28.
Bb1 Rfd8 29.Rc5 Rd7 30.Rc3 Bb7 31.Rhc1 Rxc3 32.Rxc3 1-0

[Event "3rd EUR-ch"]
[Site "Batumi GEO"]
[Date "2002.06.12"]
[Round "1"]
[White "Chibukhchian, Artur"]
[Black "Minasian, Artashes"]
[Result "1/2-1/2"]
[WhiteElo "2379"]
[BlackElo "2572"]
[EventDate "2002.06.12"]
[PlyCount "59"]

1.d4 Nf6 2.Nf3 c5 3.e3 b6 4.Be2 Bb7 5.O-O e6 6.c4 d6 7.Nc3 Be7 8.b3 O-O 9.
Bb2 a6 10.Rc1 Nbd7 11.Qc2 Rc8 12.Rfd1 Rc7 13.dxc5 Nxc5 14.Nd4 g6 15.Qb1 
Qb8 16.h3 Rfc8 17.Qa1 Ne8 18.Bg4 h5 19.Be2 Nd7 20.Qb1 Nf8 21.Qd3 Nf6 22.
Bf3 N6d7 23.Bxb7 Qxb7 24.Nf3 Nh7 25.Ne4 d5 26.cxd5 Rxc1 27.Rxc1 Rxc1+ 28.
Bxc1 exd5 29.Nc3 Nhf6 30.Bb2 1/2-1/2

[Event "3rd EUR-ch"]
[Site "Batumi GEO"]
[Date "2002.06.12"]
[Round "1"]
[White "Aronian, Levon"]
[Black "Matnadze, Ana"]
[Result "1-0"]
[WhiteElo "2571"]
[BlackElo "2365"]
[EventDate "2002.06.12"]
[PlyCount "92"]

1.d4 Nf6 2.c4 e6 3.Nf3 b6 4.e3 Bb7 5.Bd3 Bb4+ 6.Nbd2 Ne4 7.O-O Bxd2 8.Nxd2
Nxd2 9.Bxd2 Qe7 10.b4 d6 11.Qa4+ Qd7 12.Qc2 Nc6 13.Be4 f5 14.Bf3 O-O 15.c5
a5 16.Rac1 Nxb4 17.c6 Nxc2 18.cxd7 Bxf3 19.gxf3 Nb4 20.Bxb4 axb4 21.Rxc7 
b3 22.axb3 Rfd8 23.Rfc1 Kf7 24.R1c6 Ke7 25.Rxb6 g5 26.Kg2 h5 27.Rbb7 Ra2 
28.Rc8 f4 29.Rxd8 Kxd8 30.e4 Rd2 31.Rb5 Rxd4 32.Rxg5 Kxd7 33.Rg7+ Kc6 34.
Rf7 e5 35.Rh7 Rb4 36.h4 Rxb3 37.Rxh5 Kd7 38.Rg5 Ke7 39.h5 Rb8 40.Rg7+ Kf6 
41.Rg6+ Kf7 42.Rxd6 Rg8+ 43.Kh3 Rg5 44.h6 Rg1 45.Rd7+ Kg8 46.Re7 Rh1+ 1-0

[Event "3rd EUR-ch"]
[Site "Batumi GEO"]
[Date "2002.06.12"]
[Round "1"]
[White "Haznedaroglu, Kivanc"]
[Black "Yegiazarian, Arsen"]
[Result "0-1"]
[WhiteElo "2345"]
[BlackElo "2567"]
[EventDate "2002.06.12"]
[PlyCount "126"]

1.e4 c5 2.Nf3 d6 3.d4 cxd4 4.Nxd4 e6 5.c4 Nf6 6.Nc3 Nc6 7.Be3 Be7 8.Be2 
O-O 9.O-O Bd7 10.Rc1 Qb8 11.f4 Rc8 12.b3 a6 13.Qd2 b5 14.cxb5 Nxd4 15.Bxd4
e5 16.Be3 exf4 17.Rxf4 Bxb5 18.Bf3 Bc6 19.Nd5 Bxd5 20.exd5 Rxc1+ 21.Qxc1 
Nd7 22.Ra4 Ne5 23.Be2 a5 24.Bd4 Bf6 25.Bxe5 Bxe5 26.Rc4 g6 27.g3 Kg7 28.
Kg2 Ra7 29.Qd2 Qd8 30.Rc6 Qf6 31.Rc4 h5 32.Bf3 Qd8 33.Qc2 Qb6 34.Qf2 Qb8 
35.Rc8 Qxc8 36.Qxa7 Qc3 37.Qf2 Bd4 38.Qe2 Qa1 39.Kh3 Kh6 40.Qd2+ g5 41.Bd1
Be3 42.Qd3 Qe5 43.Bc2 g4+ 44.Kg2 Kg7 45.h3 Bc5 46.hxg4 hxg4 47.Qh7+ Kf8 
48.Qe4 Qa1 49.Bb1 Qb2+ 50.Qc2 Qd4 51.Kf1 Qg1+ 52.Ke2 Qg2+ 53.Kd1 Qxg3 54.
Qf5 Qg1+ 55.Ke2 Qe3+ 56.Kf1 Qg1+ 57.Ke2 Qg2+ 58.Kd3 Bb6 59.Kc4 Qg1 60.Kc3 
Qd4+ 61.Kc2 g3 62.Qg5 Qf2+ 63.Kc3 g2 0-1

[Event "3rd EUR-ch"]
[Site "Batumi GEO"]
[Date "2002.06.12"]
[Round "1"]
[White "Jobava, Baadur"]
[Black "Gassanov, Assif"]
[Result "1-0"]
[WhiteElo "2566"]
[BlackElo "2319"]
[EventDate "2002.06.12"]
[PlyCount "65"]

1.c4 e5 2.Nc3 g6 3.d4 d6 4.Nf3 Nd7 5.e4 Bg7 6.Be2 exd4 7.Nxd4 Ngf6 8.Bg5 
h6 9.Bh4 O-O 10.O-O Nc5 11.f3 Ne6 12.Nxe6 Bxe6 13.Qd2 Nxe4 14.Qe1 Bf6 15.
Bxf6 Nxf6 16.Rd1 Nd7 17.b3 f5 18.Qd2 Kg7 19.Rfe1 Re8 20.f4 a5 21.Bf3 Nc5 
22.a3 Rb8 23.Nb5 a4 24.b4 Nb3 25.Qc3+ Kh7 26.c5 Bf7 27.Rxe8 Bxe8 28.cxd6 
cxd6 29.Nxd6 Qe7 30.Qe5 Qxe5 31.fxe5 Bc6 32.Bxc6 bxc6 33.e6 1-0

[Event "3rd EUR-ch"]
[Site "Batumi GEO"]
[Date "2002.06.12"]
[Round "1"]
[White "Dovliatov, Sanan"]
[Black "Sturua, Zurab"]
[Result "1/2-1/2"]
[WhiteElo "2318"]
[BlackElo "2565"]
[EventDate "2002.06.12"]
[PlyCount "73"]

1.e4 g6 2.d4 Bg7 3.Nf3 d6 4.Nc3 Nf6 5.h3 O-O 6.Be2 a6 7.a4 b6 8.O-O e6 9.
e5 dxe5 10.Nxe5 Bb7 11.Bf3 Qc8 12.Qe2 c5 13.dxc5 bxc5 14.a5 Nc6 15.Nxc6 
Bxc6 16.Na4 Nd7 17.Bf4 e5 18.Bxc6 Qxc6 19.Be3 Rab8 20.b3 Rfe8 21.Nb6 Nxb6 
22.Qxa6 Rec8 23.axb6 Rxb6 24.Qa7 Rb7 25.Qa4 Qe6 26.Qa5 Bf8 27.Rfd1 c4 28.
Qd5 Qxd5 29.Rxd5 f6 30.bxc4 Rxc4 31.Ra8 Kf7 32.Rdd8 Be7 33.Rh8 h5 34.Rh7+ 
Ke6 35.Rg8 g5 36.Rxh5 Rxc2 37.Rh7 1/2-1/2

[Event "3rd EUR-ch"]
[Site "Batumi GEO"]
[Date "2002.06.12"]
[Round "1"]
[White "Karadeniz, Emre"]
[Black "Izoria, Zviad"]
[Result "0-1"]
[WhiteElo "2307"]
[BlackElo "2556"]
[EventDate "2002.06.12"]
[PlyCount "40"]

1.d4 Nf6 2.Nf3 e6 3.Bg5 h6 4.Bh4 d6 5.Nbd2 g5 6.Bg3 Nh5 7.e3 Bg7 8.Bd3 Nd7
9.h4 g4 10.Nh2 f5 11.c3 O-O 12.Nhf1 e5 13.f4 Qe7 14.Kf2 Ndf6 15.fxe5 Nxg3 
16.Nxg3 dxe5 17.dxe5 Qxe5 18.Nc4 Ne4+ 19.Nxe4 fxe4+ 20.Kg1 Qg3 0-1

[Event "3rd EUR-ch"]
[Site "Batumi GEO"]
[Date "2002.06.12"]
[Round "1"]
[White "Delchev, Alexander"]
[Black "Yilmaz, Turhan"]
[Result "1-0"]
[WhiteElo "2550"]
[BlackElo "2303"]
[EventDate "2002.06.12"]
[PlyCount "63"]

1.e4 e5 2.Bc4 Nf6 3.d3 Nc6 4.Nc3 Bb4 5.Bg5 h6 6.Bxf6 Qxf6 7.Ne2 Bc5 8.O-O 
Na5 9.Nd5 Qd6 10.Ng3 g6 11.Qf3 Nxc4 12.dxc4 c6 13.b4 Bxb4 14.Nxb4 Qxb4 15.
Qf6 O-O 16.Rad1 d6 17.h4 Re8 18.h5 Re6 19.Qd8+ Kg7 20.Rd3 Rf6 21.hxg6 Rxg6
22.Rf3 Rg5 23.Qf6+ Kh7 24.Qxf7+ Rg7 25.Qe8 Qxc4 26.Rf8 Rg8 27.Rf7+ Rg7 28.
Rf8 Rg8 29.Qe7+ Rg7 30.Qxd6 Qd4 31.Qf6 Bh3 32.Rxa8 1-0

[Event "3rd EUR-ch"]
[Site "Batumi GEO"]
[Date "2002.06.12"]
[Round "1"]
[White "Goloshchapov, Alexander"]
[Black "Erdogdu, Mert"]
[Result "1-0"]
[WhiteElo "2543"]
[BlackElo "2295"]
[EventDate "2002.06.12"]
[PlyCount "57"]

1.e4 e5 2.Nf3 Nc6 3.Bb5 a6 4.Ba4 Nf6 5.O-O Be7 6.Re1 b5 7.Bb3 d6 8.c3 O-O 
9.h3 Re8 10.d4 Bb7 11.Nbd2 Bf8 12.a3 Na5 13.Bc2 c5 14.b4 Nc6 15.d5 Nb8 16.
bxc5 dxc5 17.c4 Nbd7 18.Rb1 Qa5 19.Nb3 Qc7 20.Bd2 Nb6 21.Na5 Nxc4 22.Nxc4 
bxc4 23.Ba4 Reb8 24.Bc3 Bd6 25.Nd2 Bc8 26.Nxc4 Rxb1 27.Qxb1 Rb8 28.Qa1 Bd7
29.Bxd7 1-0

[Event "3rd EUR-ch"]
[Site "Batumi GEO"]
[Date "2002.06.12"]
[Round "1"]
[White "Sargissian, Gabriel"]
[Black "Urushadze, Davit"]
[Result "1-0"]
[WhiteElo "2538"]
[BlackElo "2272"]
[EventDate "2002.06.12"]
[PlyCount "69"]

1.d4 Nf6 2.c4 e6 3.Nf3 b6 4.g3 Ba6 5.Qa4 Be7 6.Bg2 Bb7 7.O-O O-O 8.Rd1 d5 
9.Nc3 c6 10.Ne5 Nfd7 11.Nxd7 Nxd7 12.e4 Nf6 13.Bf4 a6 14.Qb3 b5 15.exd5 
exd5 16.cxd5 Nxd5 17.Nxd5 cxd5 18.Rac1 Bd6 19.Bxd6 Qxd6 20.Rc5 Rac8 21.
Rdc1 Rxc5 22.Rxc5 Qd7 23.Qc3 Rc8 24.Rxc8+ Bxc8 25.Bxd5 Bb7 26.Bxb7 Qxb7 
27.Qc5 f6 28.d5 Kf7 29.Kg2 Ke8 30.Qe3+ Kd8 31.Qe6 Qd7 32.Qxd7+ Kxd7 33.Kf3
Kd6 34.Ke4 Kc5 35.b4+ 1-0

[Event "3rd EUR-ch"]
[Site "Batumi GEO"]
[Date "2002.06.12"]
[Round "1"]
[White "Ipek, Ali"]
[Black "Riazantsev, Alexander"]
[Result "0-1"]
[WhiteElo "2263"]
[BlackElo "2527"]
[EventDate "2002.06.12"]
[PlyCount "84"]

1.d4 Nf6 2.Nf3 e6 3.Bg5 c5 4.e3 Be7 5.Nbd2 cxd4 6.exd4 b6 7.Bd3 Bb7 8.O-O 
O-O 9.Re1 d6 10.c3 Nbd7 11.a4 a6 12.Qe2 Re8 13.Bc2 Nf8 14.Bh4 Ng6 15.Bg3 
Nh5 16.Qd3 Nxg3 17.hxg3 Qc7 18.Qc4 Qd7 19.Qe2 Bc6 20.Nc4 Qb7 21.Ne3 Bd7 
22.Qd3 b5 23.d5 e5 24.axb5 axb5 25.Nd2 Bf8 26.f3 Rxa1 27.Rxa1 Ra8 28.Rxa8 
Qxa8 29.Bb1 Qa1 30.Qc2 Qa7 31.Kf2 f5 32.Ke2 f4 33.Nef1 fxg3 34.Nxg3 Qg1 
35.Ndf1 Nf4+ 36.Ke1 Nxg2+ 37.Ke2 g6 38.Qe4 Nf4+ 39.Ke1 Be7 40.Kd2 Qf2+ 41.
Kd1 Bh4 42.Qe1 Qxf3+ 0-1

[Event "3rd EUR-ch"]
[Site "Batumi GEO"]
[Date "2002.06.12"]
[Round "1"]
[White "Malakhatko, Vadim"]
[Black "Kantaria, Mikheil"]
[Result "1-0"]
[WhiteElo "2517"]
[BlackElo "2259"]
[EventDate "2002.06.12"]
[PlyCount "65"]

1.d4 e6 2.c4 Nf6 3.Nf3 b6 4.Nc3 Bb4 5.Bg5 Bb7 6.Nd2 h6 7.Bh4 Bxc3 8.bxc3 
d6 9.f3 O-O 10.e4 e5 11.Bd3 Nbd7 12.O-O Qe7 13.Re1 Rfe8 14.Nf1 Qf8 15.Ne3 
c6 16.a4 Nh5 17.a5 Nf4 18.Bf1 g6 19.Bf2 Qe7 20.Qd2 Nf8 21.Reb1 Qc7 22.g3 
Nh5 23.Ng4 bxa5 24.Nxh6+ Kh7 25.Ng4 Bc8 26.h3 Bd7 27.Qh6+ Kg8 28.c5 dxc5 
29.dxe5 Nh7 30.f4 Rad8 31.f5 Kh8 32.e6 Bc8 33.exf7 1-0

[Event "3rd EUR-ch"]
[Site "Batumi GEO"]
[Date "2002.06.12"]
[Round "1"]
[White "Bagirov, Rufat"]
[Black "Mareck, Sascha"]
[Result "1-0"]
[WhiteElo "2516"]
[BlackElo "2249"]
[EventDate "2002.06.12"]
[PlyCount "51"]

1.d4 Nf6 2.c4 g6 3.Nc3 Bg7 4.e4 d6 5.Be2 O-O 6.Bg5 Na6 7.f4 h6 8.Bh4 Qe8 
9.e5 Nh7 10.Nf3 f6 11.O-O c5 12.exd6 exd6 13.Nb5 Bg4 14.h3 Bd7 15.Nxd6 
Qe3+ 16.Bf2 Qxf4 17.dxc5 Ng5 18.Nxg5 fxg5 19.Qd5+ Kh8 20.Qxb7 Bd4 21.Ne4 
Bxf2+ 22.Rxf2 Qe3 23.Qxd7 Rxf2 24.Nxf2 Qxc5 25.Qd5 Rf8 26.Bf3 1-0

[Event "3rd EUR-ch"]
[Site "Batumi GEO"]
[Date "2002.06.12"]
[Round "1"]
[White "Erdogan, Hakan"]
[Black "Guseinov, Gadir"]
[Result "1-0"]
[WhiteElo "2233"]
[BlackElo "2510"]
[EventDate "2002.06.12"]
[PlyCount "185"]

1.d4 d6 2.c4 e5 3.dxe5 dxe5 4.Qxd8+ Kxd8 5.Nf3 f6 6.e4 Be6 7.Nc3 Nd7 8.Bd2
c6 9.O-O-O Kc7 10.Be2 Nh6 11.h3 Nf7 12.Be3 Nb6 13.b3 Nd7 14.Nh4 Nc5 15.Bg4
Bxg4 16.hxg4 Ne6 17.g3 a6 18.f4 b5 19.Kc2 Nh6 20.g5 Ng4 21.Bg1 Bb4 22.gxf6
gxf6 23.fxe5 Nxe5 24.Bd4 Nxd4+ 25.Rxd4 bxc4 26.bxc4 Bc5 27.Rdd1 Nxc4 28.
Nf5 Rab8 29.Na4 Ba3 30.Rh6 Rb4 31.Nc5 Rb2+ 32.Kc3 Bxc5 33.Kxc4 Rc2+ 34.Kb3
Re2 35.Rxf6 Rb8+ 36.Kc3 Rbb2 37.Nd4 Bxd4+ 38.Rxd4 Rbc2+ 39.Kd3 Rcd2+ 40.
Kc3 Rc2+ 41.Kd3 Rxa2 42.Rf7+ Kb6 43.Rxh7 Rg2 44.Rb4+ Ka5 45.Rb1 Rxg3+ 46.
Kd4 Ra4+ 47.Ke5 Rc3 48.Kf5 Rf3+ 49.Kg4 Rc3 50.Kf5 Ra2 51.e5 Rf2+ 52.Ke6 
Re2 53.Rhb7 Ra3 54.Rb8 c5 55.Rc8 Rc3 56.Rcb8 Ra3 57.Rc8 Re4 58.Rxc5+ Ka4 
59.Rb6 Rae3 60.Rxa6+ Kb4 61.Raa5 Rh4 62.Rab5+ Ka3 63.Rc6 Ka4 64.Rcc5 Rh8 
65.Rb7 Re8+ 66.Kd6 Rd3+ 67.Kc6 Re6+ 68.Kc7 Re7+ 69.Kb8 Rd8+ 70.Ka7 Ree8 
71.Rbc7 Ra8+ 72.Kb6 Rab8+ 73.Kc6 Kb4 74.Rc1 Ka3 75.Rc3+ Kb4 76.Rc1 Ka3 77.
Re1 Rb3 78.Ra7+ Kb2 79.Rb7 Re6+ 80.Kd7 Rxb7+ 81.Kxe6 Kc3 82.Kf6 Kd2 83.Re4
Kd3 84.Rf4 Ke3 85.Rf1 Rb8 86.Re1+ Kd2 87.Ra1 Rf8+ 88.Ke7 Rf5 89.e6 Kd3 90.
Kd7 Rd5+ 91.Kc6 Re5 92.Kd6 Re1 93.Rxe1 1-0

[Event "3rd EUR-ch"]
[Site "Batumi GEO"]
[Date "2002.06.12"]
[Round "1"]
[White "Radulski, Yulian"]
[Black "Ataman, Alper"]
[Result "1-0"]
[WhiteElo "2501"]
[BlackElo "2191"]
[EventDate "2002.06.12"]
[PlyCount "57"]

1.e4 c5 2.Nc3 Nc6 3.g3 g6 4.Bg2 Bg7 5.d3 d6 6.f4 e6 7.Nf3 Nge7 8.O-O O-O 
9.Be3 Rb8 10.Qd2 Nd4 11.Rae1 b5 12.e5 Nef5 13.Bf2 dxe5 14.Nxe5 Bb7 15.Ne4 
Bxe4 16.Bxe4 f6 17.Nc6 Nxc6 18.Bxc6 Qd6 19.Bg2 Rfe8 20.g4 Nd4 21.c3 Nc6 
22.Qe3 c4 23.dxc4 bxc4 24.Rd1 Qc7 25.Qc5 Rec8 26.Qxc4 Nd8 27.Qa4 Nc6 28.
Bxc6 Qxc6 29.Rd8+ 1-0

[Event "3rd EUR-ch"]
[Site "Batumi GEO"]
[Date "2002.06.12"]
[Round "1"]
[White "Chigladze, Iveri"]
[Black "Gaprindashvili, Valerian"]
[Result "0-1"]
[WhiteElo "2149"]
[BlackElo "2476"]
[EventDate "2002.06.12"]
[PlyCount "83"]

1.d4 Nf6 2.c4 e6 3.Nc3 Bb4 4.Qc2 c5 5.dxc5 Na6 6.a3 Bxc3+ 7.Qxc3 Nxc5 8.b4
Nce4 9.Qb2 Nd6 10.c5 Nc4 11.Qc3 b5 12.e4 Bb7 13.Bxc4 bxc4 14.f3 Nxe4 15.
Qxg7 Qh4+ 16.g3 Qf6 17.Qxf6 Nxf6 18.Bb2 Ke7 19.Rc1 Bd5 20.Ne2 a5 21.Kf2 
axb4 22.axb4 Rhb8 23.Bc3 Bc6 24.Bxf6+ Kxf6 25.Rxc4 Ra2 26.Ke3 Rb2 27.Nc3 
R2xb4 28.Rxb4 Rxb4 29.Rc1 h5 30.h4 e5 31.Ne2 Ke6 32.Rc3 Rb2 33.Rd3 Rxe2+ 
34.Kxe2 Bb5 35.Ke3 Bxd3 36.Kxd3 f5 37.Kc4 e4 38.f4 e3 39.Kd3 Kd5 40.Kxe3 
Kxc5 41.g4 fxg4 42.f5 0-1

[Event "3rd EUR-ch"]
[Site "Batumi GEO"]
[Date "2002.06.12"]
[Round "1"]
[White "Arman, Deniz"]
[Black "Minasian, Ara"]
[Result "0-1"]
[WhiteElo "2119"]
[BlackElo "2473"]
[EventDate "2002.06.12"]
[PlyCount "68"]

1.e4 Nf6 2.e5 Nd5 3.d4 d6 4.Nf3 Bg4 5.Be2 e6 6.O-O Be7 7.Nc3 Nxc3 8.bxc3 
Nc6 9.Bf4 O-O 10.Qd2 d5 11.Qe3 Na5 12.Nd2 Bxe2 13.Qxe2 Qd7 14.Be3 Rac8 15.
f4 c5 16.Nb3 cxd4 17.Bxd4 Nc4 18.Qd3 a5 19.Nd2 Bc5 20.Bxc5 Rxc5 21.Ne4 Rc7
22.Ng5 f5 23.exf6 gxf6 24.Nf3 Nd6 25.Nd2 Rfc8 26.Rf3 Rxc3 27.Qxc3 Rxc3 28.
Rxc3 Qa4 29.Rd3 Qxc2 30.Rg3+ Kf7 31.Nb3 Ne4 32.Rf3 a4 33.Rc1 axb3 34.Rxc2 
bxc2 0-1

[Event "3rd EUR-ch"]
[Site "Batumi GEO"]
[Date "2002.06.13"]
[Round "2"]
[White "Goloshchapov, Alexander"]
[Black "Kharlov, Andrei"]
[Result "0-1"]
[WhiteElo "2543"]
[BlackElo "2633"]
[EventDate "2002.06.12"]
[PlyCount "114"]

1.e4 c5 2.Nf3 Nc6 3.d4 cxd4 4.Nxd4 Nf6 5.Nc3 e5 6.Ndb5 d6 7.Bg5 a6 8.Na3 
b5 9.Bxf6 gxf6 10.Nd5 Bg7 11.c3 f5 12.Bd3 Be6 13.Qh5 Rb8 14.Nc2 f4 15.g3 
fxg3 16.fxg3 O-O 17.Nce3 b4 18.O-O bxc3 19.bxc3 a5 20.Rf2 Ne7 21.Raf1 Kh8 
22.Bc4 Rc8 23.Nf6 Bxf6 24.Bxe6 fxe6 25.Rxf6 Rxf6 26.Rxf6 Qb6 27.Qg5 Rg8 
28.Qh6 Rg6 29.Rxg6 Nxg6 30.h4 Kg8 31.Kh2 Qb2+ 32.Ng2 Qxa2 33.h5 Nf8 34.Kh3
Qe2 35.Ne3 Qf3 36.Qg5+ Kf7 37.Kh2 Qf6 38.Qg4 Qf2+ 39.Ng2 a4 40.Qd1 a3 41.
Qxd6 Qa7 42.Qd1 a2 43.Qa1 Qf2 44.c4 Nd7 45.c5 Nxc5 46.Qxe5 Nxe4 47.Qc7+ 
Kf6 48.Qd8+ Kf5 49.Qf8+ Kg4 50.Qg7+ Kf3 51.Qf8+ Ke2 52.Qa8 Kd1 53.Qa4+ Kc1
54.Qa3+ Qb2 55.Qe3+ Nd2 56.Qg1+ Kc2 57.Ne1+ Kb1 0-1

[Event "3rd EUR-ch"]
[Site "Batumi GEO"]
[Date "2002.06.13"]
[Round "2"]
[White "Graf, Alexander"]
[Black "Mchedlishvili, Mikheil"]
[Result "1/2-1/2"]
[WhiteElo "2623"]
[BlackElo "2540"]
[EventDate "2002.06.12"]
[PlyCount "41"]

1.d4 Nf6 2.c4 e6 3.Nc3 Bb4 4.e3 c5 5.Bd3 Nc6 6.Ne2 cxd4 7.exd4 d5 8.O-O 
dxc4 9.Bxc4 O-O 10.Bg5 Be7 11.Qd3 Na5 12.Bb5 Bd7 13.Rfd1 Bxb5 14.Qxb5 a6 
15.Qd3 Nc6 16.Qf3 Nd5 17.Nxd5 Bxg5 18.Ndc3 Qf6 19.Qg3 Bh4 20.Qe3 Qe7 21.
Qf3 1/2-1/2

[Event "3rd EUR-ch"]
[Site "Batumi GEO"]
[Date "2002.06.13"]
[Round "2"]
[White "Sargissian, Gabriel"]
[Black "Volkov, Sergei"]
[Result "1-0"]
[WhiteElo "2538"]
[BlackElo "2609"]
[EventDate "2002.06.12"]
[PlyCount "89"]

1.c4 Nf6 2.Nc3 e5 3.Nf3 Nc6 4.d3 h6 5.g3 Bb4 6.Bd2 O-O 7.Bg2 Re8 8.O-O a5 
9.a3 Bxc3 10.Bxc3 a4 11.b4 axb3 12.Qxb3 d6 13.Qb2 Nd7 14.a4 Nc5 15.a5 Qe7 
16.Nd2 Ra7 17.Ne4 Ne6 18.f4 f5 19.Nd2 exf4 20.gxf4 Bd7 21.Rf3 Kh7 22.e4 
Nc5 23.Rg3 Rg8 24.Kh1 Raa8 25.d4 Nxe4 26.Nxe4 fxe4 27.d5 Raf8 28.dxc6 Bxc6
29.Rf1 Rf5 30.Kg1 Qf7 31.Qe2 g6 32.Bh3 Rc5 33.Bd2 Re8 34.f5 g5 35.Bg4 Qxc4
36.Qxc4 Rxc4 37.Bh5 Rf8 38.h4 Rc2 39.Be3 Be8 40.Bxe8 Rxe8 41.hxg5 hxg5 42.
Rxg5 Re2 43.Rf4 Re1+ 44.Kg2 Re2+ 45.Bf2 1-0

[Event "3rd EUR-ch"]
[Site "Batumi GEO"]
[Date "2002.06.13"]
[Round "2"]
[White "Sulskis, Sarunas"]
[Black "Radulski, Yulian"]
[Result "1-0"]
[WhiteElo "2577"]
[BlackElo "2501"]
[EventDate "2002.06.12"]
[PlyCount "89"]

1.e4 e5 2.Nf3 Nc6 3.d4 exd4 4.Nxd4 Nf6 5.Nxc6 bxc6 6.e5 Qe7 7.Qe2 Nd5 8.c4
Nb6 9.Nd2 Qe6 10.Qe4 Bb4 11.a3 f5 12.Qc2 Qxe5+ 13.Be2 Bxd2+ 14.Bxd2 O-O 
15.Bc3 Qe4 16.O-O-O Qxc2+ 17.Kxc2 Bb7 18.c5 Nd5 19.Bc4 Rfe8 20.h4 Re4 21.
Bd3 Re7 22.h5 Rae8 23.Bd4 Nf4 24.Bc4+ Nd5 25.Rh3 Re4 26.Rb3 Ba8 27.h6 g6 
28.Re3 Bb7 29.Rdd3 Kf7 30.Rxe4 Rxe4 31.f3 Re2+ 32.Kd1 Re8 33.Rb3 Ba8 34.
Kd2 Ke7 35.g4 fxg4 36.fxg4 Rf8 37.Bg7 Rf2+ 38.Ke1 Rc2 39.Bd3 Rxc5 40.Rb8 
Rc1+ 41.Kd2 Rg1 42.Bxg6 Rg2+ 43.Ke1 Nb6 44.Re8+ Kd6 45.Bf8+ 1-0

[Event "3rd EUR-ch"]
[Site "Batumi GEO"]
[Date "2002.06.13"]
[Round "2"]
[White "Potkin, Vladimir"]
[Black "Popov, Valery"]
[Result "1/2-1/2"]
[WhiteElo "2493"]
[BlackElo "2575"]
[EventDate "2002.06.12"]
[PlyCount "37"]

1.e4 c5 2.c3 d5 3.exd5 Qxd5 4.d4 Nf6 5.Nf3 Bg4 6.dxc5 Qxd1+ 7.Kxd1 e5 8.b4
e4 9.h3 Bh5 10.g4 Nxg4 11.hxg4 Bxg4 12.Nd2 exf3 13.Bd3 Nd7 14.Re1+ Be7 15.
Kc2 h5 16.Be4 O-O-O 17.Nc4 Bxc5 18.Na5 Rde8 19.Bxb7+ 1/2-1/2

[Event "3rd EUR-ch"]
[Site "Batumi GEO"]
[Date "2002.06.13"]
[Round "2"]
[White "Kekelidze, Mikheil"]
[Black "Galkin, Alexander"]
[Result "1/2-1/2"]
[WhiteElo "2477"]
[BlackElo "2569"]
[EventDate "2002.06.12"]
[PlyCount "38"]

1.e4 c6 2.d4 d5 3.f3 e6 4.Nc3 Bb4 5.Ne2 Nd7 6.a3 Ba5 7.Be3 Ne7 8.Ng3 O-O 
9.f4 dxe4 10.Nxe4 Nd5 11.Bd2 Bb6 12.Qf3 Bxd4 13.O-O-O f5 14.Nd6 Qc7 15.
Nxd5 exd5 16.Nb5 Bxb2+ 17.Kxb2 cxb5 18.Qxd5+ Rf7 19.Bxb5 Nb6 1/2-1/2